Équipe de Côte d'Ivoire pour la coupe du monde 2026 - Statistiques

Statistiques générales
  • Ce quiz a été pris 15 fois
  • Le résultat moyen est 14 sur 26
Statistiques - réponses
nom % Correct
Seko Fofana
83%
Elye Wahi
75%
Evan Ndicka
75%
Guéla Doué
75%
Nicolas Pépé
75%
Yahia Fofana
75%
Franck Kessié
67%
Ousmane Diomande
67%
Yan Diomandé
67%
Alban Lafont
58%
Amad Diallo
58%
Christ Inao Oulaï
58%
Jean Michaël Seri
58%
Simon Adingra
58%
Ange-Yoan Bonny
50%
Bazoumana Touré
50%
Odilon Kossounou
50%
Wilfried Singo
50%
Evann Guessand
42%
Ghislain Konan
42%
Oumar Diakité
42%
Ibrahim Sangaré
33%
Emmanuel Agbadou
25%
Mohamed Koné
25%
Parfait Guiagon
25%
Clément Akpa
17%
Aucun quiz correspondant
Distribution des résultats
% des personnes avec chaque résultat
Percentile par nombre de réponses
Votre historique - résultats
Vous n’avez pas pris ce quiz